000
00301nam a2200121Ia 4500
008
190216s9999||||xx |||||||||||||| ||und||
100
_a
Ernst Mayer
245
0
_a
Jantu Sastra Vargheekarana Thathuangal
260
_b
Kerala Bhasha Institute
_c
1975
300
_a
769p
650
_a
Zoology
942
_c
BK
999
_c
37844
_d
37844